| 000 | 004760000a22001930004500 | ||
|---|---|---|---|
| 001 | 003971 | ||
| 003 | MACL | ||
| 005 | 20150915140820.0 | ||
| 008 | 150915b xxu||||| |||| 00| 0 eng d | ||
| 040 |
_aMACL _cMACL |
||
| 041 | _aEnglish | ||
| 082 | _a823/COD | ||
| 100 |
_aCoolidge, Susan M _911145 |
||
| 245 |
_aWhat Katy Did Next _cSusan M Coolidge |
||
| 260 |
_aNew Delhi _c2000 _bVimal Pustak Mandir, |
||
| 350 | _a150 | ||
| 650 |
_aFiction _911146 |
||
| 942 |
_k823 _cBK _2ddc |
||
| 999 |
_c15864 _d15864 |
||